000 00572nam a2200181 i 4500
001 39875
003 ES-MaACL
005 20250804063355.0
007 t|
008 030304s1973 sp ||||1| spa d
100 1 _aCandel, Francisco,
_d1925-2007
_934448
245 1 0 _aDiario para los que creen en la gente
_b: (una exaltación de la anécdota) /
_cpor Francisco Candel.
250 _a[1ª ed.].
260 _a[Barcelona] :
_bPlaza & Janés,
_c[1973]
300 _a380 p. :
_bil. ;
_c20 cm.
852 _aES-MaACL
_jC-55681
_bR.88320
999 _c39875
_d39875